000 00589nam a2200193Ia 4500
005 20250508164856.0
008 008 250505s9999 xx 000 0 eng d
037 _aDissertations
040 _aFEDL
_beng
_cFEDL
041 _aeng
_2eng
084 _a491.4307, GUP/DI
_qFEDL
100 _aGupta Tamanna
_9779402
245 0 _aProduct and process assessment (Nature of feedback in hindi language in grade IV)
260 _c2004
300 _a74p.
546 _aM.Ed Dissertation, (Delhi University)
942 _cDIS
_h491.4307, GUP/DI
999 _c1391741
_d1391741